|
|
|
|
| LEADER |
00000nam a2200000 a 4500 |
| 001 |
vtls008326710 |
| 003 |
SK-MaSNL |
| 005 |
20260301123113.0 |
| 008 |
181127s1958 xo 000 slo |
| 015 |
|
|
|a SKSNBA1958/10-01427
|
| 035 |
|
|
|a SK01SNK19580018927
|
| 035 |
|
|
|a SKM000021390
|
| 040 |
|
|
|a SNK
|b slo
|c SNK
|e AACR2
|
| 041 |
1 |
|
|a slo
|h rus
|
| 044 |
|
|
|a xo
|c SK
|
| 080 |
|
|
|a 621.039:621.311.25
|2 1981
|
| 080 |
|
|
|a 621.311.25
|2 1981
|
| 100 |
1 |
|
|a Voskobojnik, David Izraelič
|4 aut
|9 469605
|
| 240 |
1 |
0 |
|a Jadernaja energetika
|l Slovensky
|
| 245 |
1 |
0 |
|a Jadrová energetika
|c David Izraelič Voskobojnik ; [náz. rus. orig.:] ... Jadernaja energetika ... Moskva 1956 prel. Leonid Pestov
|
| 260 |
|
|
|a Bratislava
|b SVTL
|c 1958
|e Brno
|f Tisk
|
| 300 |
|
|
|a 140, [3] s.
|c 8°
|
| 490 |
1 |
|
|a Edícia energetickej literatúry
|
| 500 |
|
|
|a Ilustr. Pozn. Tab.
|
| 563 |
|
|
|a 1200 výtl.
|
| 650 |
0 |
7 |
|a jadrová energetika
|2 SNKPH
|9 59350
|
| 650 |
0 |
7 |
|a jadrové elektrárne
|2 SNKPH
|9 15295
|
| 655 |
|
7 |
|a príručky
|2 SNKPH
|9 74364
|
| 700 |
1 |
|
|a Pestov, Leonid
|4 trl
|9 378859
|
| 730 |
|
|
|a Jadernaja energetika
|9 469606
|
| 830 |
|
0 |
|a Edícia energetickej literatúry
|9 280116
|
| 852 |
|
|
|a Slovenská národná knižnica v Martine
|b 10000
|h SD 16095
|
| 852 |
|
|
|a Slovenská národná knižnica v Martine
|b 10000
|h SD 16095 D1
|
| 919 |
|
|
|a brož.
|
| 958 |
|
|
|a OND
|
| 958 |
|
|
|a TL
|
| 958 |
|
|
|a RU
|
| 958 |
|
|
|a OP
|
| 958 |
|
|
|a RK
|
| 999 |
|
|
|c 735083
|d 737013
|
| 952 |
|
|
|a SNK
|b SNK
|y PREZ
|7 0
|p 17A0594482
|o snkSD 16095
|i snkKSP 3445/58
|0 0
|1 0
|4 0
|d 2008-07-25
|l 0
|r 2025-11-28 00:00:00
|w 2026-02-23
|